Volkswagen Beetle History - Statistics

General Stats
  • This quiz has been taken 12 times
  • The average score is 8 of 20
Answer Stats
Hint Answer % Correct
Started Production 1938
92%
Designer Ferdinand Porsche
83%
All beetles were powered by a(n) ___ cylinder engine. 4
75%
Ended Production 2003
58%
The beetle passed this car's production record in 1972 Ford Model T
58%
Water-cooled successor to the Beetle Golf
58%
End of German Production 1980
50%
Person who commissioned its design Adolf Hitler
50%
This racing bug known as "The Love Bug" Herbie
50%
Best-selling year for the Beetle 1970
42%
The first ones made __ horsepower. 25
33%
Those models had a(n) ______ window. Split
33%
Next, they moved to a(n) _____ window. Oval
25%
"Sport" variant designed by an Italian firm Karmann Ghia
17%
Name of the 1972 redesign Super Beetle
17%
Total number produced 21.5 Million
8%
Official model designation Type 1
8%
The black-and-yellow predecessor to the GTI GSI
0%
Its first name was the KdF-Wagen. What did that stand for in English? Strength through Joy
0%
Name for the valuable 1952-53 transition model Zwitter
0%
No matching quizzes found
Score Distribution
Percent of People with Each Score
Percentile by Number Answered
Your Score History
You have not taken this quiz